Представление документа в формате MARC21

Поле Инд. ПП Название Значение
Тип записи a
Библиографический уровень m
001 Контрольный номер RU/LIBMSTU/444825638
005 Дата корректировки 20160429095900.8
008 Кодируемые данные 140204|||||||||ru |||||||||||000|||rus||
020 a ISBN 978-5-4222-0202-7
040 b Код языка каталог. rus
041 0_ a Код языка текста rus
084 a Индекс другой классификации/Индекс ББК 87.22
090 a Полочн. индекс 87
x Авторский знак Д 44
245 10 a Заглавие Диалог через границы: границеведение в перспективе идей М. М. Бахтина
b Продолж. заглавия сб. материалов регион. науч.-практ. семинара с междунар. участием (Мурманск, 14 марта 2013 г.)
c Ответственность М-во образования и науки Рос. Федерации, Мурман. гос. гуманитар. ун-т, Ун-т Нурланда (Норвегия)
260 a Место издания Мурманск
b Издательство Изд-во МГГУ
c Дата издания 2013
300 a Объем 211 с.
600 14 a Персоналии Бахтин М. М., философ, культуролог
650 04 a Основная рубрика Философия-Теория познания-Сборники
653 0_ a Ключевые слова Границеведение; Границеведение Бахтина; Границы; Диалогизм Бахтина; Искусство и границы; Межъязыковые границы; Теория познания; Философия границы; Философия Бахтина; Ценности и границы
901 t Тип документа m